INTRODUCTION TO MUSLIM LAW (Record no. 19765)

MARC details
000 -LEADER
fixed length control field 00330nam a22001457a 4500
003 - CONTROL NUMBER IDENTIFIER
control field SGT
020 ## - INTERNATIONAL STANDARD BOOK NUMBER
International Standard Book Number 9788131253809
082 ## - DEWEY DECIMAL CLASSIFICATION NUMBER
Classification number 340.59
Item number MAH
100 ## - MAIN ENTRY--PERSONAL NAME
Personal name MAHMOOD TAHIR , MAHMOOD SAIF
245 ## - TITLE STATEMENT
Title INTRODUCTION TO MUSLIM LAW
250 ## - EDITION STATEMENT
Edition statement 2
260 ## - PUBLICATION, DISTRIBUTION, ETC. (IMPRINT)
Place of publication, distribution, etc LEXIS NEXIS
Name of publisher, distributor, etc GURGAON
Year of Publication 2019
300 ## - PAGE DESCRIPTION
No. of Pages XI ,243
942 ## - ADDED ENTRY ELEMENTS (KOHA)
Source of classification or shelving scheme Dewey Decimal Classification
Koha item type Books
942 ## - ADDED ENTRY ELEMENTS (KOHA)
-- 16
Holdings
Withdrawn status Lost status Source of classification or shelving scheme Damaged status Not for loan Collection code Home library Current library Shelving location Date acquired Vendor Name Cost, normal purchase price SGTU Bill Number Full call number Accession No. (Barcode) Date last seen Bill Date Koha item type Total Checkouts Date last borrowed Checked out
    Dewey Decimal Classification   Not For Loan LAW SGT Science & Social Sciences Library SGT Science & Social Sciences Library Reference Book 13/02/2020 COMMERCIAL BOOK HOUSE 475.00 SGTU 2559 340.59 MAH FL2366 13/02/2020 13/02/2020 Books      
    Dewey Decimal Classification     LAW SGT Science & Social Sciences Library SGT Science & Social Sciences Library Text Book 13/02/2020 COMMERCIAL BOOK HOUSE 475.00 SGTU 2559 340.59 MAH FL2367 31/03/2025 13/02/2020 Books 2 25/03/2025  
    Dewey Decimal Classification     LAW SGT Science & Social Sciences Library SGT Science & Social Sciences Library Text Book 13/02/2020 COMMERCIAL BOOK HOUSE 475.00 SGTU 2559 340.59 MAH FL2368 14/07/2025 13/02/2020 Books 8 14/07/2025 20/09/2025
    Dewey Decimal Classification     LAW SGT Science & Social Sciences Library SGT Science & Social Sciences Library Text Book 13/02/2020 COMMERCIAL BOOK HOUSE 475.00 SGTU 2559 340.59 MAH FL2369 01/10/2025 13/02/2020 Books 7 26/09/2025  
    Dewey Decimal Classification     LAW SGT Science & Social Sciences Library SGT Science & Social Sciences Library Text Book 13/02/2020 COMMERCIAL BOOK HOUSE 475.00 SGTU 2559 340.59 MAH FL2370 09/06/2025 13/02/2020 Books 7 28/05/2025